[Event "PER-ch (Women)"]
[Site "Lima"]
[Date "2023.09.02"]
[Round "7"]
[White "Tacas Cardenas, Andrea Ximena"]
[Black "Contreras Huaman, Fiorella Daiana"]
[Result "1/2-1/2"]
[WhiteElo "1626"]
[BlackElo "1881"]
[PlyCount "105"]
[EventDate "2023.08.29"]
[EventType "swiss"]
[EventRounds "9"]
[EventCountry "PER"]
[SourceTitle "EXT 2024"]
[Source "ChessBase"]
[SourceDate "2023.10.10"]
[SourceVersion "1"]
[SourceVersionDate "2023.10.10"]
[SourceQuality "1"]

1. d4 d5 2. c4 e6 3. Nf3 a6 4. e3 Nf6 5. Nc3 Nbd7 6. a3 dxc4 7. Bxc4 b5 8. Ba2 c5 9. 0-0 Bb7 10. Re1 b4 11. axb4 cxb4 12. Na4 Be7 13. Nd2 Rc8 14. Nb3 0-0 15. f3 Bc6 16. Bb1 e5 17. Bd3 e4 18. Bf1 Qc7 19. Bd2 Bd6 20. f4 Bb5 21. Qb1 Qc6 22. Rc1 Qd5 23. Qa2 g5 24. Nbc5 Bxc5 25. Qxd5 Nxd5 26. Bxb5 axb5 27. Nxc5 Nxc5 28. dxc5 gxf4 29. Kf2 fxe3+ 30. Bxe3 f5 31. g3 Rfd8 32. Rd1 Nf6 33. h3 Rd3 34. Rxd3 exd3 35. Rd1 Ne4+ 36. Kf3 d2 37. g4 Nxc5 38. Bxc5 Rxc5 39. Rxd2 fxg4+ 40. hxg4 Rc4 41. Kg3 Kg7 42. Kh4 Kf6 43. Rd5 Rc2 44. Rxb5 Rxb2 45. Rb6+ Ke5 46. Kg5 b3 47. Rb7 Kd4 48. Rxh7 Rg2 49. Rb7 b2 50. Kf5 Kc3 51. g5 Rf2+ 52. Ke6 Rf4 53. Rxb2 1/2-1/2

[Event "PER-ch (Women)"]
[Site "Lima"]
[Date "2023.08.30"]
[Round "3"]
[White "Jimenez Salas, Maria Teresa"]
[Black "Tacas Cardenas, Andrea Ximena"]
[Result "1/2-1/2"]
[WhiteElo "1807"]
[BlackElo "1626"]
[PlyCount "86"]
[EventDate "2023.08.29"]
[EventType "swiss"]
[EventRounds "9"]
[EventCountry "PER"]
[SourceTitle "EXT 2024"]
[Source "ChessBase"]
[SourceDate "2023.10.10"]
[SourceVersion "1"]
[SourceVersionDate "2023.10.10"]
[SourceQuality "1"]

1. e4 e6 2. d4 d5 3. Nc3 Bb4 4. e5 c5 5. Qg4 g6 6. Bd2 a6 7. Nf3 Nc6 8. dxc5 Bxc5 9. Bd3 Qc7 10. Qg3 Bd7 11. 0-0-0 0-0-0 12. h4 h6 13. h5 g5 14. Rde1 f5 15. Re2 Nge7 16. Kb1 f4 17. Qg4 Nd4 18. Nxd4 Bxd4 19. Rhe1 Nc6 20. Nxd5 Nxe5 21. Nxc7 Nxg4 22. Nxe6 Bxf2 23. Nxd8 Bxe1 24. Nf7 Bxd2 25. Nxh8 Be3 26. Ng6 Kd8 27. Be4 b6 28. Bf3 Nf6 29. Ne5 Be6 30. Re1 Ke7 31. Rd1 b5 32. b3 g4 33. Be2 Ne4 34. Kb2 Nf2 35. Rf1 Kd6 36. Ng6 g3 37. Bf3 Bd5 38. Bxd5 Kxd5 39. c3 f3 40. Nh4 fxg2 41. Nxg2 Bg5 42. c4+ bxc4 43. bxc4+ Ke4 1/2-1/2

[Event "PER-ch (Women)"]
[Site "Lima"]
[Date "2023.08.30"]
[Round "2"]
[White "Tacas Cardenas, Andrea Ximena"]
[Black "Caballero Quijano, Mitzy Mishell"]
[Result "0-1"]
[WhiteElo "1626"]
[BlackElo "2045"]
[PlyCount "176"]
[EventDate "2023.08.29"]
[EventType "swiss"]
[EventRounds "9"]
[EventCountry "PER"]
[SourceTitle "EXT 2024"]
[Source "ChessBase"]
[SourceDate "2023.10.10"]
[SourceVersion "1"]
[SourceVersionDate "2023.10.10"]
[SourceQuality "1"]

1. d4 Nf6 2. Nf3 g6 3. c4 Bg7 4. Nc3 d5 5. Bg5 dxc4 6. e3 Nd5 7. Bxc4 Nxc3 8. bxc3 c5 9. 0-0 Nc6 10. h3 0-0 11. Qe2 h6 12. Bh4 g5 13. Bg3 g4 14. hxg4 Bxg4 15. Qc2 Na5 16. Bd3 Bxf3 17. gxf3 Rc8 18. Qe2 Qd7 19. Rac1 Rfd8 20. Rfd1 c4 21. Bb1 Qh3 22. e4 e6 23. e5 Nc6 24. Qe4 Rd7 25. Qg4 Qxg4 26. fxg4 Rd5 27. Kg2 Kf8 28. Bf4 Ke7 29. Rh1 Rh8 30. Rh3 Ra5 31. Rch1 Ra3 32. Bc1 Ra6 33. g5 h5 34. Rxh5 Rxh5 35. Rxh5 Kf8 36. Rh3 Ne7 37. Rf3 Kg8 38. Rg3 Nd5 39. g6 fxg6 40. Rxg6 Nxc3 41. Bh6 Nxb1 42. Rxg7+ Kh8 43. Rxb7 Rb6 44. Rxa7 Rc6 45. Rb7 Nc3 46. Rb2 Kg8 47. Rc2 Nb5 48. Be3 c3 49. a4 Nc7 50. Kf3 Nd5 51. a5 Nb4 52. Rc1 Nd3 53. Rg1+ Kf7 54. Ke2 Nb4 55. Bc1 Ra6 56. Ba3 Nd5 57. Kd3 Rxa5 58. Bc5 Ra2 59. f4 Rf2 60. Rc1 Kg6 61. Kc4 Rxf4 62. Rg1+ Kf5 63. Kd3 Rf2 64. Rc1 Rd2+ 65. Kc4 Ke4 66. Re1+ Kf3 67. Ra1 c2 68. Rc1 Rd1 69. Rxc2 Ne3+ 70. Kc3 Nxc2 71. Kxc2 Re1 72. Kd3 Re3+ 73. Kc4 Ke4 74. Ba7 Re1 75. Kc5 Ra1 76. Bb6 Ra6 77. d5 Rxb6 78. Kxb6 Kxd5 79. Kb5 Kxe5 80. Kc4 Ke4 81. Kc3 Ke3 82. Kc2 Ke2 83. Kc1 e5 84. Kc2 e4 85. Kc1 e3 86. Kc2 Kf1 87. Kc3 e2 88. Kc2 e1Q 0-1

[Event "South America-ch U16 Girls 17th"]
[Site "Guayaquil"]
[Date "2022.01.30"]
[Round "9"]
[White "Tacas Cardenas, Andrea Ximena"]
[Black "Rodriguez Moran, Romina Estefania"]
[Result "1-0"]
[WhiteElo "1505"]
[BlackElo "1200"]
[PlyCount "157"]
[EventDate "2022.01.25"]
[EventType "swiss"]
[EventRounds "9"]
[EventCountry "ECU"]
[SourceTitle "CBM 206 Extra"]
[Source "ChessBase"]
[SourceDate "2022.03.31"]
[SourceVersion "1"]
[SourceVersionDate "2022.03.31"]
[SourceQuality "1"]

1. d4 f5 2. c4 e6 3. Nc3 Bb4 4. Nf3 Bxc3+ 5. bxc3 Nf6 6. e3 b6 7. Bd3 Bb7 8. 0-0 0-0 9. d5 Ne4 10. Ba3 Re8 11. dxe6 dxe6 12. c5 Qf6 13. Qc2 Na6 14. c6 Bc8 15. Bxe4 fxe4 16. Qxe4 e5 17. Rad1 Nb8 18. Bd6 Bf5 19. Qd5+ Be6 20. Qe4 cxd6 21. c7 Na6 22. Rxd6 Nxc7 23. Nxe5 Nb5 24. Rc6 Rad8 25. f4 Nd6 26. Qa4 Bd5 27. Rc7 a6 28. Rd1 Nb5 29. Rxd5 Nxc7 30. Rxd8 Rxd8 31. Qc4+ Ne6 32. Qxa6 Qf5 33. Qxb6 Rd1+ 34. Kf2 Qc2+ 35. Kg3 Qf5 36. Qc6 Rd8 37. a4 Qf6 38. a5 Nf8 39. Qc4+ Qe6 40. Qb5 Ng6 41. Ng4 Qd5 42. Qb6 Qd6 43. Qb3+ Kh8 44. c4 h5 45. Nf2 Qd2 46. Qb6 h4+ 47. Kf3 Qd6 48. Qb5 Rb8 49. Qh5+ Kg8 50. Ne4 Qc6 51. Qf5 Rf8 52. Qb5 Qxb5 53. cxb5 Ne5+ 54. Ke2 Nc4 55. a6 Nb6 56. Kd3 Rc8 57. Kd4 Rc4+ 58. Ke5 Kf8 59. g4 hxg3 60. hxg3 Ke7 61. g4 Nd7+ 62. Kd5 Nb6+ 63. Ke5 Rc2 64. Kd4 Rc4+ 65. Ke5 Rc2 66. Kd4 Ke6 67. f5+ Kf7 68. Nc3 g6 69. e4 gxf5 70. gxf5 Ke7 71. Nd5+ Nxd5 72. Kxd5 Kd7 73. b6 Ra2 74. a7 Ra5+ 75. Kd4 Kc6 76. f6 Kxb6 77. f7 Ra4+ 78. Kd5 Ra5+ 79. Kd6 1-0